00555 2200205 4500001002100000005001500021035002000036007000300056008004100059020001800100082001000118084001600128100001100144245009900155250001100254260003400265300002900299650001100328990001000339INLIS00000000000892920210531014230 a0010-0521000222ta210531 g 0 ind  a9786029186284 a745.5 a745.5 YOH k0 aYOHANA1 aKreasi Boneka Benang :bRagam boneka benang woll yang digulung untuk souvenir & gift /cYohana aCet. 1 aSurabaya :bTiara Aksa,c2012 a80 hlm :b.ilus ;c21 cm 4aBoneka a14925